• 首页
  • 本馆介绍
  • 公告通知
  • 最新文献
  • 馆藏检索
  • 电子资源
  • 读者导购
  • 参考咨询
  • 我的图书馆
  • 登录
  • 详细信息显示
  • 放入我的书架
  • 预约/预借图书
  • 作者相关作品
  • 分类相关作品
  • 丛书相关作品
  • 出版社相关作品

书目信息

  • 表格格式
  • 工作单格式
  • 卡片格式
题名:
飞机外形计算的数学基础
    
 
作者: 《飞机外形计算的数学基础》编写组编
分册:  
出版信息: 北京   国防工业出版社  1978
页数: 268页
开本: 20cm
丛书名:
单 册:
中图分类: V22
科图分类:
主题词: 应用数学-飞机-形状 , 飞机-形状-应用数学
电子资源:
ISBN:
000 00608nam0 2200217 45
001 0178006124
005 20060919102830.12
010    @dCNY1.10
091    @a15034.1648
100    @a19950727d1978 em y0chiy0121 ea
101 0  @achi
102    @aCN@b110000
105    @ay z 000yy
200 10 @a飞机外形计算的数学基础@Afei ji wai xing ji suan de shu xue ji chu@f《飞机外形计算的数学基础》编写组编
210    @a北京@c国防工业出版社@d1978
215    @a268页@d20cm
606    @a应用数学-飞机-形状
606    @a飞机-形状-应用数学
690    @aV22@v3
801  0 @aCN@bTSSF@c20060919
905    @a10447@dV22@e25
    
    飞机外形计算的数学基础/《飞机外形计算的数学基础》编写组编.-北京:国防工业出版社,1978
    268页;20cm
    
    
    ISBN :CNY1.10
    
●
相关链接 在E读中查询图书 在五车中查询图书 在当当中查询图书 在豆瓣中查询图书


正题名:飞机外形计算的数学基础     索取号:V22/25         预约/预借

序号 登录号 条形码 馆藏地/架位号 状态 备注
1 0422297   204222974   密集书库/ [索取号:V22/25] 在馆    
2 0438716   204387163   密集书库/ [索取号:V22/25] 在馆    
3 0438717   204387172   密集书库/ [索取号:V22/25] 在馆    
4 0458045   204580453   密集书库/ [索取号:V22/25] 在馆    
5 0458046   204580462   密集书库/ [索取号:V22/25] 在馆    
唐山师范学院图书馆 欢迎您!
大连网信软件有限公司© 版权所有